|
|
|
|
| LEADER |
00000nas1a2200000 4500 |
| 001 |
579042 |
| 005 |
20231102022011.0 |
| 011 |
|
|
|a 2074-0077
|
| 035 |
|
|
|a (RuTPU)RU\TPU\prd\278637
|
| 035 |
|
|
|a RU\TPU\prd\278635
|
| 090 |
|
|
|a 579042
|
| 100 |
|
|
|a 20180626a19919999k y0rusy50 ca
|
| 101 |
0 |
|
|a rus
|
| 102 |
|
|
|a RU
|
| 110 |
|
|
|a agaz|||0uu0
|
| 200 |
1 |
|
|a Информационные ресурсы России
|e научно-практический журнал
|
| 210 |
|
|
|a Москва
|c Изд-во РЭА Минэнерго РФ
|d 2013-
|
| 305 |
|
|
|a Издается с 2091 г.
|
| 326 |
|
|
|a 6 выпусков в год
|
| 333 |
|
|
|a Режим доступа: по договору с организацией-держателем ресурса
|
| 606 |
|
|
|a Информационные ресурсы
|2 stltpush
|3 (RuTPU)RU\TPU\subj\12935
|9 39633
|
| 610 |
1 |
|
|a информация
|
| 610 |
1 |
|
|a инновации
|
| 610 |
1 |
|
|a информационные технологии
|
| 610 |
1 |
|
|a информационное право
|
| 610 |
1 |
|
|a интернет
|
| 610 |
1 |
|
|a электронный ресурс
|
| 675 |
|
|
|a 681.324
|v 3
|
| 801 |
|
0 |
|a RU
|b 63413507
|c 20011210
|g PSBO
|
| 801 |
|
2 |
|a RU
|b 63413507
|c 20180626
|g PSBO
|
| 856 |
4 |
|
|u http://rosenergo.gov.ru/information_and_analytical_support/informatsionnie_resursi_rossii
|
| 856 |
4 |
|
|u https://elibrary.ru/title_about.asp?id=8741
|
| 942 |
|
|
|c CR
|